00377nam a22001337a 450000500170000000800410001704100120005808200120007010000120008224500370009426000540013130000330018565000250021820240805093610.0240805b |||||||| |||| 00| 0 eng d aEnglish a349 SOU lEnglish aSouth African Law Reports: Natal aJohannesburg: bDigma Publications, c1910 - 1914 bxxviii, 111 pages; c25 cm.  aLegal practice bLaw